[Event "FRA-ch Universities 2019"]
[Site "Paris"]
[Date "2019.02.03"]
[Round "8"]
[White "Sochacki, Christophe"]
[Black "Graca, Robert"]
[Result "1-0"]
[WhiteElo "2482"]
[BlackElo "2270"]
[Annotator "TA"]
[PlyCount "83"]
[EventDate "2019.02.01"]
[EventType "swiss"]
[EventCountry "FRA"]
[SourceTitle "playchess.com"]
[Source "ChessBase"]
[SourceQuality "1"]

{[%evp 22,82,45,42,91,93,93,93,92,97,96,95,143,131,137,109,114,118,132,114,148,-41,-25,-43,-45,-185,-170,-237,-225,-285,-302,-417,-68,-111,-25,-26,-26,-26,-26,-23,-15,-45,-46,-50,-50,-59,0,-56,-45,-53,-55,-52,-23,-28,0,0,0,0,45,44,144,135,29999]} 1. e4 c5 2. Nf3 d6 3. d4 cxd4 4. Nxd4 Nf6 5. Nc3 g6 6. Be3 Bg7 7. f3 O-O 8. Qd2 Nc6 9. Bc4 Bd7 10. O-O-O Rc8 11. Bb3 Nxd4 12. Bxd4 a5 {B78: Sicilian Dragon: Yugoslav Attack, 9 Bc4 Bd7 10 0-0-0 Rc8} (12... b5 13. Nd5 Nxd5 14. Bxg7 Kxg7 15. exd5 a5 16. a3 Kg8 17. Rhe1 Rc5 18. Re3 b4 19. axb4 axb4 20. Qxb4 Qa8 21. Kd2 {½-½ (46) Alekseenko,K (2609)-Vocaturo,D (2620) Batumi 2018}) 13. a4 b5 14. Nxb5 Bxb5 {White is better.} 15. axb5 a4 16. Ba2 $146 ({Predecessor:} 16. Bd5 Nxd5 17. Bxg7 Kxg7 18. exd5 Qd7 19. Qd4+ Kg8 20. Qxa4 {0-1 (51) McKenzie,C-Benson,G Australia 2003}) 16... Ne8 17. Bxg7 Nxg7 18. Qb4 Qb6 19. Kb1 Rc5 20. Rd5 (20. Qxa4 $6 Rxb5 21. Qd4 Qa5 $11) 20... Ne6 21. Qxa4 $2 (21. Rxc5 $16 dxc5 22. Qxa4) 21... Rc7 $1 $15 {[%cal Rc7a7] Hoping for ...Ra7.} 22. Qa6 Qf2 23. b6 ({White should play} 23. Bb3 $1 $15) 23... Rxc2 $19 24. Qb5 {[#]} (24. Rb5 {keeps fighting.} Nc5 25. Qa3 Qxg2 26. Re1) 24... Rb8 $1 (24... Qxg2 25. Rdd1 $17) 25. Qb3 Rc6 26. b7 Rb6 $2 (26... Rc7 $19 27. Qd1 Rcxb7) 27. Rd2 {[#]} Rxb3 ({Much worse is} 27... Qxd2 $6 28. Qxb6 Qd3+ 29. Ka1 $11) (27... Qc5 $1 $17 28. Qc4 Qa5) 28. Rxf2 $11 R3xb7 29. Bxe6 fxe6 $17 {[%mdl 4096] Endgame KRR-KRR} 30. Rc1 Kf7 31. Rc3 Kf6 32. Ka2 Ke5 33. Rfc2 Kf6 (33... g5 $15) 34. Ra3 (34. Rf2 $11) 34... h5 35. b3 g5 36. Rc3 Ke5 37. Ra5+ Kd4 38. Kb2 d5 39. Kc2 dxe4 40. Rxg5 exf3 ({Better is} 40... Rb4 $14) 41. gxf3 $16 {[%csl Gc2][%cal Rc3d3]} Rb5 $2 {[%mdl 8192]} (41... e5 $16 42. Rd3+ (42. Rxh5 Kd5 $16) 42... Kc5 43. Rxe5+ (43. Rxh5 Rc7 $18) 43... Kc6 44. Re6+ (44. Rxh5 Rf8 $18) 44... Kc5 45. Re5+ Kc6 46. Rxh5 Rb4 47. Rh6+ Kc5) 42. Rd3# {Accuracy: White = 51%, Black = 32%.} 1-0

[Event "FRA-ch Universities 2019"]
[Site "Paris"]
[Date "2019.02.03"]
[Round "8"]
[White "Sochacki, Wojtek"]
[Black "Geronimi, Pierre-Francois"]
[Result "1-0"]
[WhiteElo "2348"]
[BlackElo "2042"]
[Annotator "NA"]
[PlyCount "48"]
[EventDate "2019.02.01"]
[EventType "swiss"]
[EventCountry "FRA"]
[SourceTitle "playchess.com"]
[Source "ChessBase"]
[SourceQuality "1"]
[TimeControl "900+5"]

1. e4 {[%emt 0:00:26]} g6 {[%emt 0:00:00]} 2. d4 {[%emt 0:00:04]} Bg7 {[%emt 0:00:00]} 3. c4 {[%emt 0:00:01]} c5 {[%emt 0:00:07]} 4. d5 {[%emt 0:00:03]} d6 {[%emt 0:00:04]} 5. Nc3 {[%emt 0:00:02]} Nf6 {[%emt 0:00:06]} 6. Bd3 {[%emt 0:00:06]} O-O {[%emt 0:00:10]} 7. h3 {[%emt 0:00:05]} e6 {[%emt 0:00:18]} 8. Nf3 exd5 {[%emt 0:00:16]} 9. exd5 {[%emt 0:00:04]} Re8+ {[%emt 0:00:07]} 10. Be3 {[%emt 0:00:02]} a6 {[%emt 0:00:52]} 11. a4 {[%emt 0:00:03]} Nbd7 {[%emt 0:00:03]} 12. O-O {[%emt 0:00:02]} h6 {[%emt 0:01:53]} 13. Qd2 {[%emt 0:00:01]} Kh7 {[%emt 0:01:35]} 14. Rae1 {[%emt 0:00:01]} Ne5 {[%emt 0:00:31]} 15. Nxe5 {[%emt 0:00:02]} Rxe5 {[%emt 0:00:01]} 16. Bf4 {[%emt 0:00:01]} Nh5 {[%emt 0:01:35]} 17. Bxe5 {[%emt 0:00:49]} Bxe5 {[%emt 0:00:07]} 18. Rxe5 {[%emt 0:03:30]} dxe5 {[%emt 0:00:01]} 19. Re1 {[%emt 0:00:01]} Nf4 {[%emt 0:05:08]} 20. Rxe5 {[%emt 0:01:11]} Qf6 {[%emt 0:00:01]} 21. Re4 {[%emt 0:00:01]} Nxd3 {[%emt 0:00:47]} 22. Qxd3 {[%emt 0:00:01]} Bf5 {[%emt 0:00:01]} 23. Qf3 {[%emt 0:00:21]} Qb6 {[%emt 0:01:46]} 24. Re2 {[%emt 0:00:26]} Kg8 {[%emt 0:00:24]} 1-0

[Event "FRA-ch Universities 2019"]
[Site "Paris"]
[Date "2019.02.03"]
[Round "8"]
[White "Devallee, Jeremie"]
[Black "Daeschler, Florian"]
[Result "0-1"]
[WhiteElo "2317"]
[BlackElo "2276"]
[Annotator "NA"]
[PlyCount "78"]
[EventDate "2019.02.01"]
[EventType "swiss"]
[EventCountry "FRA"]
[SourceTitle "playchess.com"]
[Source "ChessBase"]
[SourceQuality "1"]
[TimeControl "900+5"]

1. Nc3 {[%emt 0:03:13]} Nf6 {[%emt 0:00:00]} 2. g4 {[%emt 0:00:01]} d5 {[%emt 0:00:16]} 3. g5 {[%emt 0:00:01]} Ng8 {[%emt 0:00:15]} 4. d4 {[%emt 0:00:09]} Bf5 {[%emt 0:00:21]} 5. Bg2 {[%emt 0:00:19]} e6 {[%emt 0:00:02]} 6. Nf3 {[%emt 0:00:12]} Nd7 {[%emt 0:00:32]} 7. Bf4 {[%emt 0:00:06]} Bd6 {[%emt 0:00:16]} 8. Ne5 {[%emt 0:00:17]} Ne7 {[%emt 0:00:26]} 9. Bg3 {[%emt 0:00:41]} Bxe5 {[%emt 0:00:26]} 10. dxe5 {[%emt 0:00:03]} Ng6 {[%emt 0:00:02]} 11. f4 {[%emt 0:00:02]} Nb6 {[%emt 0:01:02]} 12. e4 {[%emt 0:00:22]} dxe4 {[%emt 0:00:06]} 13. Nxe4 {[%emt 0:00:02]} Qxd1+ {[%emt 0:00:14]} 14. Rxd1 {[%emt 0:00:02]} Nd5 {[%emt 0:00:11]} 15. Nc5 {[%emt 0:00:28]} O-O {[%emt 0:01:56]} 16. Bxd5 {[%emt 0:00:11]} exd5 {[%emt 0:00:01]} 17. O-O {[%emt 0:01:29]} b6 {[%emt 0:00:30]} 18. Nd3 {[%emt 0:00:03]} c5 {[%emt 0:00:08]} 19. c3 {[%emt 0:00:08]} Rad8 {[%emt 0:00:13]} 20. Ne1 {[%emt 0:01:00]} Ne7 {[%emt 0:00:19]} 21. b4 {[%emt 0:00:27]} cxb4 {[%emt 0:01:21]} 22. cxb4 {[%emt 0:00:02]} Be4 {[%emt 0:00:31]} 23. Nf3 {[%emt 0:00:17]} Nf5 {[%emt 0:00:05]} 24. Kf2 {[%emt 0:01:15]} Rc8 {[%emt 0:00:05]} 25. Rc1 {[%emt 0:00:02]} a5 {[%emt 0:02:42]} 26. bxa5 {[%emt 0:01:34]} bxa5 {[%emt 0:00:00]} 27. Nd2 {[%emt 0:00:02]} Bd3 {[%emt 0:00:16]} 28. Rfd1 {[%emt 0:00:01]} Bc2 {[%emt 0:00:44]} 29. Re1 {[%emt 0:00:09]} d4 $17 {[%emt 0:00:36]} 30. Kf3 {[%emt 0:00:26]} Rc3+ {[%emt 0:00:10]} 31. Kg2 {[%emt 0:00:48]} Rfc8 {[%emt 0:00:04]} 32. Nf3 {[%emt 0:01:38]} Bd3 {[%emt 0:01:30]} 33. Rcd1 {[%emt 0:00:30]} Ne3+ {[%emt 0:00:06]} 34. Rxe3 {[%emt 0:01:12]} dxe3 {[%emt 0:00:01]} 35. Ne1 {[%emt 0:00:03]} Be4+ {[%emt 0:00:10]} 36. Kf1 {[%emt 0:00:14]} Bf5 {[%emt 0:00:28]} 37. Rd5 {[%emt 0:00:15]} Ra3 {[%emt 0:00:28]} 38. Ke2 {[%emt 0:00:17]} Bg4+ {[%emt 0:00:05]} 39. Kf1 {[%emt 0:00:03]} Rxa2 {[%emt 0:00:08]} 0-1

[Event "FRA-ch Universities 2019"]
[Site "Paris"]
[Date "2019.02.03"]
[Round "8"]
[White "Lever, Erwan"]
[Black "Ribiere, Damien"]
[Result "1-0"]
[WhiteElo "2275"]
[BlackElo "2042"]
[Annotator "NA"]
[PlyCount "127"]
[EventDate "2019.02.01"]
[EventType "swiss"]
[EventCountry "FRA"]
[SourceTitle "playchess.com"]
[Source "ChessBase"]
[SourceQuality "1"]
[TimeControl "900+5"]

1. d4 {[%emt 0:00:00]} (1. c4 g6 2. d4 Bg7 3. Nc3 d6 4. e4 {0-1 (32) Abdisalimov,A (2317)-Sindarov,J (2430) Tashkent 2018}) 1... Nf6 {[%emt 0:00:00]} 2. c4 {[%emt 0:00:00]} g6 {[%emt 0:00:00]} 3. Nc3 {[%emt 0:00:00]} Bg7 {[%emt 0:00:00]} 4. e4 {[%emt 0:00:00]} d6 {[%emt 0:00:00]} 5. Nf3 {[%emt 0:00:01]} O-O {[%emt 0:00:00]} 6. Be2 {[%emt 0:00:01]} Bg4 {[%emt 0:00:01]} 7. Be3 $146 {[%emt 0:00:02]} ({Predecessor:} 7. O-O Nfd7 {0-1 (32) Abdisalimov,A (2317)-Sindarov,J (2430) Tashkent 2018 0-1 (54) Pena Mor,D (1858)-Dahale,A (2040) Barcelona 2018}) 7... Nfd7 {[%emt 0:00:03]} 8. O-O {[%emt 0:00:11]} Nc6 {[%emt 0:00:01]} 9. Rc1 {[%emt 0:01:01]} Bxf3 {[%emt 0:00:04]} ({Predecessor:} 9... e5 10. d5 Bxf3 {0-1 (32) Abdisalimov,A (2317)-Sindarov,J (2430) Tashkent 2018 0-1 (54) Pena Mor,D (1858)-Dahale,A (2040) Barcelona 2018}) 10. Bxf3 {[%emt 0:00:02]} e5 {[%emt 0:00:01]} 11. d5 {[%emt 0:00:07]} Nd4 {[%emt 0:00:01]} 12. Bxd4 {[%emt 0:00:44] E91: King's Indian: Classical: 6 Be2, unusual replies including 6...c5 and 6...Bg4} exd4 {[%emt 0:00:02]} 13. Nb5 {[%emt 0:00:09]} d3 {[%emt 0:01:42]} 14. Qxd3 {[%emt 0:00:02]} Bxb2 {[%emt 0:00:01]} 15. Rb1 {[%emt 0:00:31]} (15. Rce1 Qf6 16. Qe2 a6 17. Rb1 axb5 18. Rxb2 bxc4 19. Rxb7 Ne5 20. Rxc7 {0-1 (32) Abdisalimov,A (2317)-Sindarov,J (2430) Tashkent 2018}) 15... Bg7 {[%emt 0:00:23]} 16. g3 {[%emt 0:01:09]} ({Predecessor:} 16. Rfd1 Nc5 17. Qc2 a6 18. Nd4 Bxd4 19. Rxd4 Qf6 {0-1 (54) Pena Mor,D (1858)-Dahale,A (2040) Barcelona 2018}) 16... Nc5 {[%emt 0:01:42]} 17. Qc2 {[%emt 0:00:21]} a6 {[%emt 0:00:23]} 18. Na3 {[%emt 0:00:12]} Qf6 {[%emt 0:01:10]} 19. Bg2 {[%emt 0:00:02]} Rae8 {[%emt 0:00:01]} 20. Rbd1 {[%emt 0:00:48]} Qb2 {[%emt 0:00:44]} 21. Qxb2 {[%emt 0:00:03]} Bxb2 {[%emt 0:00:01]} 22. Nc2 {[%emt 0:00:23]} Nxe4 {[%emt 0:00:07]} 23. Rb1 {[%emt 0:00:30]} Bg7 {[%emt 0:00:42]} 24. Rxb7 {[%emt 0:00:25]} Nd2 {[%emt 0:00:13]} 25. Rd1 {[%emt 0:00:04]} Nxc4 {[%emt 0:00:09]} 26. Rxc7 {[%emt 0:00:03]} Rc8 {[%emt 0:00:26]} 27. Rxc8 {[%emt 0:01:43]} Rxc8 {[%emt 0:00:01]} 28. Nb4 {[%emt 0:00:01]} Nb2 {[%emt 0:01:08]} 29. Re1 {[%emt 0:02:06]} Bc3 {[%emt 0:03:35]} 30. Rc1 {[%emt 0:00:02]} Na4 {[%emt 0:02:05]} 31. Nc6 {[%emt 0:00:15]} Re8 {[%emt 0:00:24]} 32. Bf1 {[%emt 0:00:14]} a5 $14 {[%emt 0:00:21]} 33. Bb5 {[%emt 0:00:17]} Bd2 {[%emt 0:00:17]} 34. Rc2 {[%emt 0:03:09]} Nc3 {[%emt 0:00:02]} 35. a4 {[%emt 0:01:03]} Be1 {[%emt 0:00:19]} 36. Nd4 {[%emt 0:00:50]} Re5 {[%emt 0:00:22]} 37. Nf3 {[%emt 0:00:09]} Re7 {[%emt 0:00:15]} 38. Bc6 {[%emt 0:00:42]} Nb1 {[%emt 0:00:20]} 39. Rc1 {[%emt 0:00:07]} Nd2 {[%emt 0:00:13]} 40. Nxe1 {[%emt 0:00:07]} f5 {[%emt 0:00:18]} 41. Nd3 {[%emt 0:00:03]} Nf3+ {[%emt 0:00:04]} 42. Kg2 {[%emt 0:00:04]} Nd4 {[%emt 0:00:04]} 43. Nf4 {[%emt 0:00:04]} Kg7 {[%emt 0:00:10]} 44. Rd1 {[%emt 0:00:14]} Nc2 {[%emt 0:00:30]} 45. Ne6+ {[%emt 0:00:04]} Kf6 {[%emt 0:00:01]} 46. Rc1 {[%emt 0:00:07]} Nb4 {[%emt 0:00:02]} 47. Nd4 {[%emt 0:00:11]} Re4 {[%emt 0:00:08]} 48. Nb5 {[%emt 0:00:03]} Ke7 {[%emt 0:00:16]} 49. Nc3 {[%emt 0:00:12]} Rc4 {[%emt 0:00:04]} 50. Re1+ {[%emt 0:00:01]} Kf7 {[%emt 0:00:03]} 51. Nb5 {[%emt 0:00:02]} Rc2 {[%emt 0:00:07]} 52. Nxd6+ {[%emt 0:00:02]} Kf6 {[%emt 0:00:03]} 53. Re6+ {[%emt 0:00:01]} Kg5 {[%emt 0:00:01]} 54. Nf7+ {[%emt 0:00:01]} Kh5 {[%emt 0:00:03]} 55. h3 {[%emt 0:00:29]} Rd2 {[%emt 0:00:04]} 56. Re5 {[%emt 0:00:12]} Nd3 {[%emt 0:00:06]} 57. g4+ {[%emt 0:00:02]} Kh4 {[%emt 0:00:01]} 58. Re3 {[%emt 0:00:06]} Rxf2+ {[%emt 0:00:05]} 59. Kg1 {[%emt 0:00:02]} Rd2 {[%emt 0:00:01]} 60. gxf5 {[%emt 0:00:03]} gxf5 {[%emt 0:00:03]} 61. d6 {[%emt 0:00:02]} Nf4 {[%emt 0:00:04]} 62. d7 {[%emt 0:00:06]} Rd1+ {[%emt 0:00:05]} 63. Kf2 {[%emt 0:00:05]} Rd2+ {[%emt 0:00:25]} 64. Kf3 {[%emt 0:00:01]} 1-0

[Event "FRA-ch Universities 2019"]
[Site "Paris"]
[Date "2019.02.03"]
[Round "8"]
[White "Brethes, Francois"]
[Black "Bedini, Lucas"]
[Result "1-0"]
[WhiteElo "2267"]
[BlackElo "1920"]
[Annotator "NA"]
[PlyCount "102"]
[EventDate "2019.02.01"]
[EventType "swiss"]
[EventCountry "FRA"]
[SourceTitle "playchess.com"]
[Source "ChessBase"]
[SourceQuality "1"]
[TimeControl "900+5"]

1. e4 {[%emt 0:00:00]} e5 {[%emt 0:00:00]} 2. Nf3 {[%emt 0:00:00]} Nc6 {[%emt 0:00:01]} 3. Bc4 {[%emt 0:00:00]} Nf6 {[%emt 0:00:02]} 4. d3 {[%emt 0:00:02]} Bc5 {[%emt 0:00:11]} 5. O-O {[%emt 0:00:05]} h6 {[%emt 0:00:08]} 6. a4 {[%emt 0:00:16]} O-O {[%emt 0:00:58]} 7. c3 {[%emt 0:00:22]} d5 {[%emt 0:00:01]} 8. exd5 {[%emt 0:00:05]} Nxd5 {[%emt 0:00:01]} 9. Nbd2 {[%emt 0:00:04]} Nb6 {[%emt 0:00:23]} 10. Bb3 {[%emt 0:00:47]} Qxd3 {[%emt 0:00:18]} 11. a5 {[%emt 0:00:02]} Nd7 {[%emt 0:00:01]} 12. Bc4 {[%emt 0:01:39]} Qg6 {[%emt 0:00:16]} 13. Nh4 {[%emt 0:00:13]} Qf6 {[%emt 0:00:27]} 14. Qh5 {[%emt 0:00:13]} Qg5 {[%emt 0:01:11]} 15. Qxg5 {[%emt 0:00:03]} hxg5 {[%emt 0:00:01]} 16. Nhf3 {[%emt 0:00:41]} g4 {[%emt 0:00:41]} 17. Ng5 {[%emt 0:00:02]} Nf6 {[%emt 0:00:09]} 18. b4 {[%emt 0:00:16]} Be7 {[%emt 0:00:02]} 19. b5 {[%emt 0:00:09]} Nd8 {[%emt 0:00:10]} 20. Re1 {[%emt 0:00:02]} Nd7 {[%emt 0:01:00]} 21. Nf1 {[%emt 0:01:29]} c6 {[%emt 0:00:23]} 22. bxc6 {[%emt 0:03:18]} Nxc6 {[%emt 0:00:24]} 23. Ne4 {[%emt 0:00:25]} Nc5 {[%emt 0:00:30]} 24. Ba3 {[%emt 0:00:04]} Nxe4 25. Bxe7 {[%emt 0:00:17]} Nxe7 {[%emt 0:00:27]} 26. Rxe4 {[%emt 0:00:02]} Nc6 {[%emt 0:00:11]} 27. Bd5 {[%emt 0:00:26]} Re8 {[%emt 0:00:39]} 28. Ne3 {[%emt 0:00:11]} Kf8 {[%emt 0:00:00]} 29. a6 {[%emt 0:00:30]} f6 {[%emt 0:01:09]} 30. Rc4 {[%emt 0:00:16]} Nd8 {[%emt 0:00:50]} 31. Nxg4 {[%emt 0:00:11]} Be6 {[%emt 0:00:34]} 32. Ne3 {[%emt 0:01:33]} Ke7 {[%emt 0:00:54]} 33. axb7 {[%emt 0:00:23]} Rb8 {[%emt 0:00:01]} 34. Rxa7 {[%emt 0:00:11]} Bxd5 {[%emt 0:00:04]} 35. Nxd5+ {[%emt 0:00:03]} Kd6 {[%emt 0:00:00]} 36. Nc7 {[%emt 0:00:40]} Re7 {[%emt 0:00:33]} 37. Nb5+ {[%emt 0:00:13]} Kd5 {[%emt 0:00:57]} 38. Rc7 {[%emt 0:00:27]} Rxc7 39. Nxc7+ Kc4 {[%emt 0:00:03]} 40. Ne8 {[%emt 0:00:03]} Nxb7 {[%emt 0:00:04]} 41. Nxg7 {[%emt 0:00:03]} Nd6 {[%emt 0:00:24]} 42. g4 {[%emt 0:00:09]} Kxc3 43. h4 {[%emt 0:00:56]} Rb4 {[%emt 0:01:07]} 44. f3 {[%emt 0:00:15]} Rf4 {[%emt 0:00:16]} 45. Ra3+ {[%emt 0:00:17]} Kd2 {[%emt 0:00:03]} 46. Kf2 {[%emt 0:00:34]} e4 {[%emt 0:00:01]} 47. Ne6 {[%emt 0:00:04]} e3+ {[%emt 0:00:28]} 48. Rxe3 {[%emt 0:00:02]} Ra4 {[%emt 0:00:01]} 49. Re2+ {[%emt 0:00:17]} Kd3 {[%emt 0:00:02]} 50. Nc5+ {[%emt 0:00:01]} Kc3 51. Nxa4+ Kd3 1-0

[Event "FRA-ch Universities 2019"]
[Site "Paris"]
[Date "2019.02.03"]
[Round "8"]
[White "Dobrocmyslov, Artem"]
[Black "Lutard, Theo"]
[Result "1-0"]
[WhiteElo "2262"]
[BlackElo "2222"]
[Annotator "NA"]
[PlyCount "88"]
[EventDate "2019.02.01"]
[EventType "swiss"]
[EventCountry "FRA"]
[SourceTitle "playchess.com"]
[Source "ChessBase"]
[SourceQuality "1"]
[TimeControl "900+5"]

1. d4 {[%emt 0:00:00]} e6 {[%emt 0:00:00]} 2. Nf3 {[%emt 0:00:02]} b6 {[%emt 0:00:00]} 3. e4 {[%emt 0:00:04]} Bb7 {[%emt 0:00:00]} 4. Bd3 {[%emt 0:00:04]} d6 {[%emt 0:00:01]} 5. O-O {[%emt 0:00:03]} Nd7 {[%emt 0:00:02]} 6. Qe2 {[%emt 0:01:06]} g6 {[%emt 0:00:03]} 7. Bg5 {[%emt 0:00:21]} Ne7 {[%emt 0:00:02]} 8. e5 {[%emt 0:01:20]} Bxf3 {[%emt 0:03:12]} 9. Qxf3 {[%emt 0:00:09]} d5 {[%emt 0:01:24]} 10. Bf6 {[%emt 0:00:56]} Nxf6 {[%emt 0:00:16]} 11. exf6 {[%emt 0:00:04]} Nc6 {[%emt 0:00:23]} 12. Bb5 {[%emt 0:00:41]} Qd6 {[%emt 0:00:28]} 13. Nd2 {[%emt 0:06:50]} O-O-O {[%emt 0:03:40]} 14. Nc4 {[%emt 0:00:08]} Qb4 {[%emt 0:01:25]} 15. Ba6+ {[%emt 0:04:13]} Kb8 {[%emt 0:00:21]} 16. Ne5 {[%emt 0:00:01]} Nxe5 {[%emt 0:01:32]} 17. dxe5 {[%emt 0:00:02]} c5 {[%emt 0:01:05]} 18. Qe2 {[%emt 0:00:19]} c4 {[%emt 0:00:33]} 19. b3 {[%emt 0:00:05]} Qa5 {[%emt 0:00:06]} 20. Bxc4 {[%emt 0:00:05]} dxc4 {[%emt 0:00:02]} 21. bxc4 {[%emt 0:00:03]} Bc5 {[%emt 0:00:13]} 22. Rab1 {[%emt 0:00:07]} Qd2 {[%emt 0:01:10]} 23. Qe4 {[%emt 0:00:05]} Qd4 {[%emt 0:00:06]} 24. Qc6 {[%emt 0:00:04]} Qxe5 {[%emt 0:00:07]} 25. a4 {[%emt 0:00:06]} Rd6 {[%emt 0:00:29]} 26. Qf3 {[%emt 0:00:05]} Bd4 {[%emt 0:00:17]} 27. Rb5 {[%emt 0:00:05]} Qxf6 {[%emt 0:00:04]} 28. Qg3 {[%emt 0:00:04]} e5 {[%emt 0:00:05]} 29. a5 {[%emt 0:00:04]} Rhd8 {[%emt 0:00:06]} 30. axb6 {[%emt 0:00:07]} Rxb6 {[%emt 0:00:03]} 31. Rfb1 {[%emt 0:00:05]} Rxb5 {[%emt 0:00:03]} 32. Rxb5+ {[%emt 0:00:02]} Bb6 {[%emt 0:00:00]} 33. h4 {[%emt 0:00:07]} Rd1+ {[%emt 0:00:03]} 34. Kh2 {[%emt 0:00:01]} Kc8 {[%emt 0:00:23]} 35. Qg4+ {[%emt 0:00:02]} Kc7 {[%emt 0:00:04]} 36. Qxd1 {[%emt 0:00:02]} Qf4+ {[%emt 0:00:00]} 37. Kh3 {[%emt 0:00:11]} Qxf2 {[%emt 0:00:08]} 38. Rd5 {[%emt 0:00:09]} Qe3+ {[%emt 0:00:01]} 39. Kh2 {[%emt 0:00:06]} Qf4+ {[%emt 0:00:01]} 40. Kh3 {[%emt 0:00:04]} Qf5+ {[%emt 0:00:03]} 41. g4 {[%emt 0:00:05]} Qe6 {[%emt 0:00:02]} 42. c5 {[%emt 0:00:03]} Ba5 {[%emt 0:00:02]} 43. c4 {[%emt 0:00:05]} e4 {[%emt 0:00:05]} 44. Qa4 {[%emt 0:00:05]} Be1 1-0

[Event "FRA-ch Universities 2019"]
[Site "Paris"]
[Date "2019.02.03"]
[Round "8"]
[White "Viers, Emmanuel"]
[Black "Eden, James"]
[Result "0-1"]
[WhiteElo "2199"]
[BlackElo "2338"]
[Annotator "NA"]
[PlyCount "50"]
[EventDate "2019.02.01"]
[EventType "swiss"]
[EventCountry "FRA"]
[SourceTitle "playchess.com"]
[Source "ChessBase"]
[SourceQuality "1"]
[TimeControl "900+5"]

1. d4 {[%emt 0:00:00]} d5 {[%emt 0:00:53]} 2. Nc3 {[%emt 0:00:00]} Nf6 {[%emt 0:00:07]} 3. Nf3 {[%emt 0:00:00]} Bf5 {[%emt 0:00:14]} 4. Ne5 {[%emt 0:00:01]} e6 {[%emt 0:00:15]} 5. e3 {[%emt 0:00:01]} Nbd7 {[%emt 0:00:12]} 6. g4 {[%emt 0:00:01]} Nxe5 {[%emt 0:01:18]} 7. gxf5 {[%emt 0:00:02]} Nc6 {[%emt 0:00:04]} 8. fxe6 {[%emt 0:00:18]} fxe6 {[%emt 0:00:03]} 9. Rg1 {[%emt 0:00:24]} Qd7 {[%emt 0:00:58]} 10. Bh3 {[%emt 0:00:30]} O-O-O {[%emt 0:00:32]} 11. Qe2 {[%emt 0:01:07]} Bd6 {[%emt 0:00:26]} 12. f3 {[%emt 0:00:18]} Kb8 {[%emt 0:00:20]} 13. Bd2 {[%emt 0:00:05]} Qe7 {[%emt 0:00:09]} 14. f4 {[%emt 0:04:06]} h6 {[%emt 0:01:08]} 15. Bf1 {[%emt 0:03:49]} g5 {[%emt 0:00:34]} 16. fxg5 {[%emt 0:00:03]} hxg5 {[%emt 0:00:03]} 17. h3 {[%emt 0:01:18]} e5 {[%emt 0:00:37]} 18. dxe5 {[%emt 0:01:17]} Nxe5 {[%emt 0:00:08]} 19. Rxg5 {[%emt 0:00:44]} Ne4 {[%emt 0:00:21]} 20. Nxe4 {[%emt 0:01:04]} dxe4 {[%emt 0:00:04]} 21. Rxe5 {[%emt 0:01:10]} Qh4+ {[%emt 0:00:41]} 22. Kd1 {[%emt 0:00:01]} Bxe5 {[%emt 0:00:04]} 23. c3 {[%emt 0:00:01]} Rhf8 {[%emt 0:00:07]} 24. Qb5 {[%emt 0:00:27]} Qf2 25. Be2 Qxe3 {[%emt 0:00:19]} 0-1